Lonely planet spain / (Record no. 15835)
[ view plain ]
| 000 -LEADER | |
|---|---|
| fixed length control field | 01455nam a2200277 a 4500 |
| 001 - CONTROL NUMBER | |
| control field | ASIN1741795990 |
| 005 - DATE AND TIME OF LATEST TRANSACTION | |
| control field | 20170105102926.0 |
| 008 - FIXED-LENGTH DATA ELEMENTS--GENERAL INFORMATION | |
| fixed length control field | 131212s2011 xxu eng d |
| 020 ## - INTERNATIONAL STANDARD BOOK NUMBER | |
| International Standard Book Number | 1741795990 (paperback) |
| Terms of availability | $26.99 |
| 020 ## - INTERNATIONAL STANDARD BOOK NUMBER | |
| International Standard Book Number | 9781741795998 (paperback) |
| 040 ## - CATALOGING SOURCE | |
| Original cataloging agency | 0 |
| 050 04 - LIBRARY OF CONGRESS CALL NUMBER | |
| Classification number | DP14 |
| 082 04 - DEWEY DECIMAL CLASSIFICATION NUMBER | |
| Classification number | 914.60483 |
| Author Mark | HAM 2011 |
| 100 1# - MAIN ENTRY--PERSONAL NAME | |
| Personal name | Ham, Anthony. |
| 245 10 - TITLE STATEMENT | |
| Title | Lonely planet spain / |
| Statement of responsibility, etc. | Anthony Ham. |
| 250 ## - EDITION STATEMENT | |
| Edition statement | 8th ed. |
| 260 ## - PUBLICATION, DISTRIBUTION, ETC. | |
| Place of publication, distribution, etc. | [S.l.] : |
| Name of publisher, distributor, etc. | Lonely Planet, |
| Date of publication, distribution, etc. | 2011. |
| 300 ## - PHYSICAL DESCRIPTION | |
| Extent | 896 p. ; |
| Dimensions | 20 cm. |
| 520 ## - SUMMARY, ETC. | |
| Summary, etc. | “Windswept Roman ruins, cathedrals of rare power and incomparable jewels of Islamic architecture speak of a country where the great civilizations have risen, fallen and left behind their indelible mark.” – Anthony Ham, Lonely Planet Author Our Promise You can trust our travel information because Lonely Planet authors visit the places we write about, each and every edition. We never accept freebies for positive coverage, and you can rely on us to tell it like we see it. Inside This Book… 8 authors 130 tapas bars reviewed 280 days of research 560 orders of café solo Inspirational photos In-depth background Pull-out city map 3D plans of iconic sights At-a-glance practical info Easy-to-read layout. |
| 650 #0 - SUBJECT ADDED ENTRY--TOPICAL TERM | |
| Topical term or geographic name entry element | Andorra |
| 650 #0 - SUBJECT ADDED ENTRY--TOPICAL TERM | |
| Topical term or geographic name entry element | Gibraltar |
| 650 #0 - SUBJECT ADDED ENTRY--TOPICAL TERM | |
| Topical term or geographic name entry element | Spain |
| 650 #0 - SUBJECT ADDED ENTRY--TOPICAL TERM | |
| Topical term or geographic name entry element | Travel |
| 856 40 - ELECTRONIC LOCATION AND ACCESS | |
| Materials specified | Amazon.com |
| Uniform Resource Identifier | <a href="http://www.amazon.com/exec/obidos/ASIN/1741795990/chopaconline-20">http://www.amazon.com/exec/obidos/ASIN/1741795990/chopaconline-20</a> |
| 942 ## - ADDED ENTRY ELEMENTS (KOHA) | |
| Source of classification or shelving scheme | |
| Koha item type | Book |
| Withdrawn status | Lost status | Damaged status | Not for loan | Collection code | Permanent Location | Current Location | Shelving location | Date acquired | Total Checkouts | Full call number | Barcode | Date last seen | Date last checked out | Price effective from | Koha item type |
|---|---|---|---|---|---|---|---|---|---|---|---|---|---|---|---|
| Central Library (CL) | Central Library (CL) | General Stacks | 10/02/2013 | 1 | 914.60483 HAM 2011 | CIPS0001975 | 11/16/2021 | 09/04/2019 | 12/12/2013 | Book |
